A computer model for assessing agro-climatic and edaphic feasibility for rubber cultivation in the traditional tract (Record no. 46797)
[ view plain ]
| 000 -LEADER | |
|---|---|
| fixed length control field | 01166nam a2200229Ia 4500 |
| 100 ## - MAIN ENTRY--AUTHOR NAME | |
| Personal name | Vilasachandran K |
| 245 #2 - TITLE STATEMENT | |
| Title | A computer model for assessing agro-climatic and edaphic feasibility for rubber cultivation in the traditional tract |
| 260 ## - PUBLICATION, DISTRIBUTION, ETC. (IMPRINT) | |
| Name of publisher | Indian Journal of Natural Rubber Research |
| Year of publication | 1992 |
| 300 ## - PHYSICAL DESCRIPTION | |
| Number of Pages | 206-216 |
| 520 ## - SUMMARY, ETC. | |
| Summary, etc | A computer model has been designed to access the agro-climatic and edaphic feasibility of an area in traditional tract for commercial rubber cultivation. This model devised in Lotus 1-2-3 employing 'nested @ IF function' is useful to indicate the suitability of an area against each agro-climatic and edaphic factor based on pre-defined suitability indices and to infer the overall agro-climatic and edaphic suitability of an area for commercial rubber cultivation. The model can accomodate changes in suitability indices and is user-friendly. |
| 650 ## - SUBJECT ADDED ENTRY--TOPICAL TERM | |
| Topical Term | Hevea |
| 650 ## - SUBJECT ADDED ENTRY--TOPICAL TERM | |
| Topical Term | Hevea |
| 650 ## - SUBJECT ADDED ENTRY--TOPICAL TERM | |
| Topical Term | Lotus 1-2-3 |
| 650 ## - SUBJECT ADDED ENTRY--TOPICAL TERM | |
| Topical Term | Lotus 1-2-3 |
| 650 ## - SUBJECT ADDED ENTRY--TOPICAL TERM | |
| Topical Term | Nested |
| 650 ## - SUBJECT ADDED ENTRY--TOPICAL TERM | |
| Topical Term | Nested |
| 700 ## - ADDED ENTRY--PERSONAL NAME | |
| Personal name | Motial V S |
| 700 ## - ADDED ENTRY--PERSONAL NAME | |
| Personal name | Sharma M R |
| 700 ## - ADDED ENTRY--PERSONAL NAME | |
| Personal name | Usha K |
| 942 ## - ADDED ENTRY ELEMENTS (KOHA) | |
| Koha item type | Articles |
| Withdrawn status | Lost status | Damaged status | Not for loan | Home library | Current library | Shelving location | Date acquired | Serial Enumeration / chronology | Koha item type |
|---|---|---|---|---|---|---|---|---|---|
| Articles | RRII Library | RRII Library | Rubber general | 20/12/2021 | Volume 5, Issue 1&2 | Articles |